000129791 001__ 129791
000129791 005__ 20240111114816.0
000129791 0247_ $$2doi$$a10.1007/s11698-020-00214-1
000129791 0248_ $$2sideral$$a119626
000129791 037__ $$aART-2020-119626
000129791 041__ $$aeng
000129791 100__ $$aMartinez-Galarraga, J.
000129791 245__ $$aNew economic geography and economic history: a survey of recent contributions through the lens of the Spanish industrialization process
000129791 260__ $$c2020
000129791 5060_ $$aAccess copy available to the general public$$fUnrestricted
000129791 5203_ $$aThis paper aims to provide a synthesis of a number of articles that over the last few years have explored the industrialization process in Spain from the perspective of the new economic geography (NEG). To this end, we present some of the seminal theoretical papers of the NEG literature from which originated the main theoretical predictions that have been tested through empirical analysis applied to the case of Spain. We also look at those papers on the economic history of Spain that—through the use of an economic geography framework—have analysed how the location and regional concentration of manufacturing has evolved over the years. Altogether, this paper aims not only to present the determinants of the industrial map of Spain, but also to highlight the positive externalities that stem from the interaction between the NEG and economic history, showing the usefulness of a cliometric approach based on economic theory and empirical testing to give us a more detailed knowledge of the past.
000129791 536__ $$9info:eu-repo/grantAgreement/ES/DGA/S27$$9info:eu-repo/grantAgreement/ES/MCINN-FEDER/PGC2018-095529-B-I00$$9info:eu-repo/grantAgreement/ES/MCINN/PGC2018-096640-B-I00$$9info:eu-repo/grantAgreement/ES/MICINN/PGC2018-095821-B-I00
000129791 540__ $$9info:eu-repo/semantics/openAccess$$aAll rights reserved$$uhttp://www.europeana.eu/rights/rr-f/
000129791 590__ $$a2.167$$b2020
000129791 591__ $$aHISTORY$$b3 / 101 = 0.03$$c2020$$dQ1$$eT1
000129791 591__ $$aHISTORY OF SOCIAL SCIENCES$$b3 / 34 = 0.088$$c2020$$dQ1$$eT1
000129791 591__ $$aECONOMICS$$b156 / 375 = 0.416$$c2020$$dQ2$$eT2
000129791 592__ $$a0.935$$b2020
000129791 593__ $$aHistory$$c2020$$dQ1
000129791 593__ $$aEconomics and Econometrics$$c2020$$dQ1
000129791 655_4 $$ainfo:eu-repo/semantics/article$$vinfo:eu-repo/semantics/acceptedVersion
000129791 700__ $$aPaluzie, E.
000129791 700__ $$aPons, J.
000129791 700__ $$0(orcid)0000-0003-0716-4713$$aSilvestre, J.$$uUniversidad de Zaragoza
000129791 700__ $$aTirado, D.A.
000129791 7102_ $$14008$$2480$$aUniversidad de Zaragoza$$bDpto. Estruc.Hª Econ.y Eco.Pb.$$cÁrea Hª e Instituc.Económ.
000129791 773__ $$g15, 3 (2020), 719–751$$pCliometrica$$tCliometrica$$x1863-2505
000129791 8564_ $$s461816$$uhttps://zaguan.unizar.es/record/129791/files/texto_completo.pdf$$yPostprint
000129791 8564_ $$s1379656$$uhttps://zaguan.unizar.es/record/129791/files/texto_completo.jpg?subformat=icon$$xicon$$yPostprint
000129791 909CO $$ooai:zaguan.unizar.es:129791$$particulos$$pdriver
000129791 951__ $$a2024-01-11-09:27:18
000129791 980__ $$aARTICLE